Más alla del posmoderno, critica a la arquitectura reciente
| Main Authors: | , |
|---|---|
| Format: | Section = Libro |
| Language: | Undetermined Spanish |
| Published: |
Barcelona
Gustavo Gili
[s.f.]
|
| Subjects: |
| LEADER | 00579nam a2200205Ia 4500 | ||
|---|---|---|---|
| 008 | 240829s9999 xx 000 0 und d | ||
| 020 | |a 968-887-007-2 | ||
| 040 | |a BIBLIOTECA-RUSB/ Res 724.9 M394 | ||
| 041 | |a spa | ||
| 082 | |a Res 724.9 M394 | ||
| 100 | 1 | |a Alba Andrade, Fernando | |
| 100 | 1 | |b Fernández Alba, A | |
| 245 | 1 | 0 | |a Más alla del posmoderno, critica a la arquitectura reciente |
| 260 | |a Barcelona |b Gustavo Gili |c [s.f.] | ||
| 300 | |a 158 p. :il. | ||
| 650 | 7 | |a ARQUITECTURA MODERNA DEL SIGLO XX | |
| 650 | 7 | |b CRITICA | |
| 942 | |c BK |2 ddc | ||
| 991 | |a TEXTO | ||
| 999 | |c 6856 | ||